| 000 | 00524nam a22001577a 4500 | ||
|---|---|---|---|
| 003 | OSt | ||
| 005 | 20150906092511.0 | ||
| 008 | 150906b xxu||||| |||| 00| 0 eng d | ||
| 040 | _cRUA | ||
| 082 | _aAGR ឯក 1989 B001 Or.1 | ||
| 100 |
_973 _aឯក សុវណ្ណ |
||
| 245 | _aទិន្នផលដំណាំថ្នាំជក់អាស្រ័យតាមពូជ និង លក្ខខ័ណ្ឌដាំដុះ | ||
| 260 |
_aPhnom Penh _bRUA _c1989 |
||
| 300 |
_a96p. _bill. _c29cm. |
||
| 942 |
_2ddc _cAGR |
||
| 999 |
_c70 _d70 |
||